| 000 | 00394nam a22001217a 4500 | ||
|---|---|---|---|
| 082 | _a220 PRO | ||
| 100 |
_aGC SHAFQAT SHINWARI ,GC UKASHA BIN ASIM _971823 |
||
| 245 | _aPR-SOF-1227.DESIGN AND IMPLEMENTATION OF FM TRANSCEIVERON FPGA USING SYSTEM GENERATOR | ||
| 260 |
_aISLAMABAD _bNUST COLLEGE OF EME _c2012 |
||
| 650 | _aDE-ELECT-30 | ||
| 700 | _aSUPERVISOR Dr, MUHAMMAD SALMAN | ||
| 942 | _cCR | ||
| 999 |
_c578132 _d578132 |
||